00479nam a22001697a 4500010001400000020003200014035001700046035001300063037001800076082000600094100001800100245004500118260003000163270006200193300002600255490002800281 a1617CH-EN a9789380070858cRs.175.00 Hb aB-642671-693 aB-664848 aDPLbBSB/Ven. aS aLondon, Jack  aThe call of the wild / cby Jack London  aNew Delhi bOm Kidzc2015 a4379/4B, Prakash House, Ansari Road, bNew Delhi e110002 a190p.bill.c20cm(Hb) aOm Illustrated Classics